| 000 | 00508nam a22001457a 4500 | ||
|---|---|---|---|
| 008 | 230612b |||||||| |||| 00| 0 eng d | ||
| 040 |
_aNational Science Library _cNational Science Library |
||
| 080 |
_a683.3 _bK1 |
||
| 245 |
_aPlant requirements for manufacture of brass table lamps _c/ International Cooperation Administration |
||
| 260 |
_aWashington D C: _bInternational Cooperation Administration, _c1961 |
||
| 300 | _a53p. | ||
| 650 | _aLanguage | ||
| 653 | _aIndustry | ||
| 942 |
_2udc _cPR |
||
| 999 |
_c42128 _d42128 |
||